ONLINE PUBLIC ACCESS CATALOG(OPAC)

Practical evidence-based physiotherapy (Record no. 65009)

MARC details
000 -LEADER
fixed length control field 00387nam a2200157Ia 4500
008 - FIXED-LENGTH DATA ELEMENTS--GENERAL INFORMATION
fixed length control field 251222s2022 xx 000 0 und d
020 ## - INTERNATIONAL STANDARD BOOK NUMBER
International Standard Book Number 9780323848398
041 ## - LANGUAGE CODE
Language code of text/sound track or separate title eng
082 ## - DEWEY DECIMAL CLASSIFICATION NUMBER
Classification number 615.8072 HER
100 ## - MAIN ENTRY--PERSONAL NAME
Personal name Herbert, Robert
245 ## - TITLE STATEMENT
Title Practical evidence-based physiotherapy
250 ## - EDITION STATEMENT
Edition statement 3rd ed
260 ## - PUBLICATION, DISTRIBUTION, ETC.
Place of publication, distribution, etc. India
Name of publisher, distributor, etc. Elsevier
Date of publication, distribution, etc. 2022
300 ## - PHYSICAL DESCRIPTION
Extent 166p
650 ## - SUBJECT ADDED ENTRY--TOPICAL TERM
Topical term or geographic name entry element Physiotheraphy
Holdings
Withdrawn status Lost status Damaged status Not for loan Home library Current library Shelving location Date acquired Source of acquisition Cost, normal purchase price Total Checkouts Full call number Barcode Date last seen Price effective from Koha item type
        College of Physiotheraphy College of Physiotheraphy RCS1 14/11/2025 Vikas Publishers and Distributors | VPAD 5580.00   615.8072 HER PT2166 22/12/2025 22/12/2025 Reference

Powered by Koha